Score 0/8 Timer 00:15
3 Plays Today
% Correct
Scrambled
81.2%
Pickled
80.6%
Omelette
80.4%
Fried
73.3%
Poached
73.1%
Deviled
70.1%
Boiled
69.3%
Smoked
68.6%
Remove Ads.
Support Sporcle.
Get the best of Sporcle when you Go Orange. This ad-free experience offers more features, more stats, and more fun while also helping to support Sporcle. Thank you for becoming a member.

You're not logged in!

Compare scores with friends on all Sporcle quizzes.
OR
Log In

Show Comments

Extras

Top Quizzes Today


Score Distribution

Your Account Isn't Verified!

In order to create a playlist on Sporcle, you need to verify the email address you used during registration. Go to your Sporcle Settings to finish the process.

Report this User

Report this user for behavior that violates our Community Guidelines.

Details: